Balkan Nations - Statistics

General Stats
  • This quiz has been taken 14 times
  • The average score is 10 of 12
Answers on the Map
Answers color-coded by a green-red scale on the quiz's map according to % correct below.
 
Answer Stats
pays des Balkans % Correct
Albania
100%
Bulgaria
100%
North Macedonia
100%
Croatia
89%
Bosnia
89%
Greece
89%
Kosovo
89%
Montenegro
89%
Romania
89%
Serbia
89%
Slovenia
78%
Turkey
33%
No matching quizzes found
Score Distribution
Percent of People with Each Score
Percentile by Number Answered
Your Score History
You have not taken this quiz